Diseño del servicio y de las instalaciones de un centro de atención para personas adultas mayores basado en los principios del nuevo modelo de atención gerontológica de atención centrada en la persona y en los principios de arquitectura y diseño universal
Gardado en:
| Autor Principal: | |
|---|---|
| Outros autores: | , |
| Formato: | Libro |
| Idioma: | Spanish |
| Publicado: |
[San José , Costa Rica]
2019
|
| Materias: | |
| Etiquetas: |
Engadir etiqueta
Sen Etiquetas, Sexa o primeiro en etiquetar este rexistro!
|
MARC
| LEADER | 00000nam a22000007a 4500 | ||
|---|---|---|---|
| 003 | 012992 | ||
| 005 | 20240308154903.0 | ||
| 008 | 190222b2019 c a|||| ||m| 00| ||spa d | ||
| 040 | |c cru CEDI | ||
| 100 | |9 214 |a Guillén Solano, Matías, 1994- | ||
| 245 | |a Diseño del servicio y de las instalaciones de un centro de atención para personas adultas mayores basado en los principios del nuevo modelo de atención gerontológica de atención centrada en la persona y en los principios de arquitectura y diseño universal | ||
| 260 | |a [San José , Costa Rica] |c 2019 | ||
| 300 | |a xiii, 169 hojas :ilustraciones a color | ||
| 500 | |a Proyecto de graduación (licenciatura en ingeniería industrial)--Universidad de Costa Rica. Facultad de Ingeniería. Escuela de Ingeniería Industrial | ||
| 501 | |a Directora de Proyecto de Graduación: Carolina Vásquez Soto | ||
| 650 | |x PLANIFICACION ESTRATEGICA |x |x CALIDAD DE VIDA |x ANCIANOS- ASISTENCIA INSTITUCIONAL |x ASILOS DE ANCIANOS - DISEÑOS Y PLANOS |x CENTROS DE ATENCION INTEGRAL DE SALUD |x ASISTENCIA A LA VEJEZ - COSTA RICA |9 15644 | ||
| 700 | |9 213 |a Ramírez Arguedas, Andrés David, 1995- | ||
| 700 | |9 215 |a Vásquez Soto, Carolina, 1969- |d Directora del TFG | ||
| 942 | |c TFG |h TFG 8362 |i 012992 |6 TFG_8362_012992000000000 | ||
| 999 | |c 21630 |d 21630 | ||
